[Event "GER-chT U12"]
[Site "Schney"]
[Date "2013.12.30"]
[Round "7.3"]
[White "Helm, Stephan"]
[Black "Kolb, Tobias"]
[Result "0-1"]
[WhiteElo "1050"]
[BlackElo "937"]
[PlyCount "98"]
[EventDate "2013.12.27"]
[EventType "team-swiss"]
[EventRounds "7"]
[EventCountry "GER"]
[SourceTitle "EXT 2015"]
[Source "ChessBase"]
[SourceDate "2014.11.20"]
[SourceVersion "1"]
[SourceVersionDate "2014.11.20"]
[SourceQuality "1"]
[WhiteTeam "Stadtilm Blau Weiss"]
[BlackTeam "Seubelsdorf"]
[WhiteTeamCountry "GER"]
[BlackTeamCountry "GER"]

1. e4 e6 2. d3 d5 3. Nd2 Nf6 4. e5 Nfd7 5. d4 c5 6. Ngf3 cxd4 7. Nxd4 Nxe5 8. g3 Bc5 9. N2b3 Bxd4 10. Nxd4 Nbc6 11. Nxc6 Nxc6 12. Bg2 Qa5+ 13. Bd2 Qb6 14. Rb1 Qa6 15. a3 0-0 16. Bf1 Qa4 17. Bg2 Qa6 18. Bf1 Qa4 19. Be2 Qe4 20. 0-0 Nd4 21. f3 Qxe2 22. Qxe2 Nxe2+ 23. Kf2 Nd4 24. c3 Nb3 25. Be3 b6 26. Rbd1 Ba6 27. Rg1 Rfd8 28. g4 e5 29. h4 d4 30. cxd4 Nxd4 31. f4 Ne2 32. Rge1 Rxd1 33. Rxd1 Nxf4 34. Bxf4 exf4 35. Kf3 h6 36. Kxf4 Rc8 37. g5 Rc4+ 38. Kg3 hxg5 39. hxg5 f6 40. g6 Kf8 41. Rd7 Bc8 42. Rxa7 Be6 43. Rb7 Rg4+ 44. Kf3 Bd5+ 45. Kxg4 Bxb7 46. Kf4 Ke7 47. Ke3 Kd6 48. Kd4 Bc6 49. Ke3 Be8 0-1